<?xml version="1.0" encoding="UTF-8"?>
<record
    xmlns:xsi="http://www.w3.org/2001/XMLSchema-instance"
    xsi:schemaLocation="http://www.loc.gov/MARC21/slim http://www.loc.gov/standards/marcxml/schema/MARC21slim.xsd"
    xmlns="http://www.loc.gov/MARC21/slim">

  <leader>00930cam a22002417a 4500</leader>
  <controlfield tag="003">OSt</controlfield>
  <controlfield tag="005">20161228164909.0</controlfield>
  <controlfield tag="008">1612  s2016    spc           000 0 spa|d</controlfield>
  <datafield tag="017" ind1=" " ind2=" ">
    <subfield code="a">DL B 11792-2016</subfield>
    <subfield code="b">Biblioteca de Catalunya</subfield>
  </datafield>
  <datafield tag="020" ind1=" " ind2=" ">
    <subfield code="a">9788499926612</subfield>
  </datafield>
  <datafield tag="040" ind1=" " ind2=" ">
    <subfield code="b">cat</subfield>
    <subfield code="c">CDMR</subfield>
  </datafield>
  <datafield tag="100" ind1="1" ind2=" ">
    <subfield code="a">Aleksi&#xE9;vitx, Svetlana,</subfield>
    <subfield code="d">1948-</subfield>
  </datafield>
  <datafield tag="245" ind1="1" ind2="0">
    <subfield code="a">&#xDA;ltimos testigos </subfield>
    <subfield code="b">: los ni&#xF1;os de la Segunda Guerra Mundial </subfield>
    <subfield code="c">Svetlana Alexi&#xE9;vich ; traducci&#xF3;n de Yulia Dobrovolskaia y Zahara Garc&#xED;a Gonz&#xE1;lez</subfield>
  </datafield>
  <datafield tag="260" ind1=" " ind2=" ">
    <subfield code="a">[Barcelona] :</subfield>
    <subfield code="b">Debate,</subfield>
    <subfield code="c">2016</subfield>
  </datafield>
  <datafield tag="300" ind1=" " ind2=" ">
    <subfield code="a">333 p. ;</subfield>
    <subfield code="c">24 cm</subfield>
  </datafield>
  <datafield tag="650" ind1=" " ind2="0">
    <subfield code="a">Guerra Mundial II, 1939-1945</subfield>
    <subfield code="x">Relats personals rusos</subfield>
    <subfield code="2">lemac</subfield>
    <subfield code="9">3587</subfield>
  </datafield>
  <datafield tag="650" ind1=" " ind2="0">
    <subfield code="a">Guerra Mundial II, 1939-1945</subfield>
    <subfield code="x">Infants</subfield>
    <subfield code="z">Uni&#xF3; Sovi&#xE8;tica</subfield>
    <subfield code="2">lemac</subfield>
    <subfield code="9">3587</subfield>
  </datafield>
  <datafield tag="650" ind1=" " ind2="7">
    <subfield code="a">Infants i guerra</subfield>
    <subfield code="z">Uni&#xF3; Sovi&#xE8;tica</subfield>
    <subfield code="2">lemac</subfield>
  </datafield>
  <datafield tag="650" ind1=" " ind2="7">
    <subfield code="a">Bielor&#xFA;ssia</subfield>
    <subfield code="x">Hist&#xF2;ria</subfield>
    <subfield code="2">lemac</subfield>
  </datafield>
  <datafield tag="700" ind1="1" ind2=" ">
    <subfield code="a">Dobrovolskaya, Yulia,</subfield>
    <subfield code="e">trad.</subfield>
  </datafield>
  <datafield tag="700" ind1="1" ind2=" ">
    <subfield code="a">Garc&#xED;a, Zahara,</subfield>
    <subfield code="e">trad.</subfield>
  </datafield>
  <datafield tag="942" ind1=" " ind2=" ">
    <subfield code="c">MON</subfield>
  </datafield>
  <datafield tag="999" ind1=" " ind2=" ">
    <subfield code="c">6985</subfield>
    <subfield code="d">6985</subfield>
  </datafield>
  <datafield tag="952" ind1=" " ind2=" ">
    <subfield code="0">0</subfield>
    <subfield code="1">0</subfield>
    <subfield code="4">0</subfield>
    <subfield code="7">0</subfield>
    <subfield code="a">CDMR</subfield>
    <subfield code="b">CDMR</subfield>
    <subfield code="d">2016-12-28</subfield>
    <subfield code="e">Intercanvi</subfield>
    <subfield code="g">22.90</subfield>
    <subfield code="l">2</subfield>
    <subfield code="m">1</subfield>
    <subfield code="o">Dj 58</subfield>
    <subfield code="p">CDMR16120004</subfield>
    <subfield code="r">2022-02-10</subfield>
    <subfield code="s">2022-01-15</subfield>
    <subfield code="v">22.90</subfield>
    <subfield code="w">2016-12-28</subfield>
    <subfield code="y">MON</subfield>
  </datafield>
</record>
